| 000 | 00525nam a2200121Ia 4500 | ||
|---|---|---|---|
| 008 | 200928s9999 xx 000 0 und d | ||
| 020 | _a978-621-95906-2-4 | ||
| 100 | _aRodriguez, Mary Joy J. | ||
| 245 |
_cMary Joy J. Rodriguez, Ivy Gay O. Salvador, Feljone G. Ragma, Elma M. Torres, Edwina M. Manalang, Nora A. Oredina, Justin Ian N. Ogoy.-- _aMathematics in the modern world / |
||
| 260 |
_aQuezon City : _bNieme Publishing House Co. Ltd. _c2018 |
||
| 300 |
_av , 318 pages : _billustrations ; _c25 cm. |
||
| 650 | _aMathematics | ||
| 999 |
_c364545 _d364545 |
||